000 01143nab a22002297a 4500
999 _c4995
_d4995
003 OSt
005 20230725111901.0
008 190605e xxu||||| |||| 00| 0 spa d
040 _cPJ
100 _96169
_aMosquera, Gerardo Raúl
245 1 3 _aEl monotributo como herramienta de fraude laboral :
_bnecesidad de una respuesta disruptiva y disuasiva /
_cGerardo Raúl Mosquera.
260 _aCiudad Autónoma de Buenos Aires :
_bThomson Reuters La Ley,
_c2023.
300 _ap. 52-64
500 _aCita: TR LALEY AR/DOC/3216/2022
505 _aSumario: I. Introducción.— II. El monotributo y sus categorías.— III. Monotributo y fraude laboral.— IV. Algunas propuestas disruptivas y disuasivas para combatir el fraude laboral.— V. Reflexiones finales.
505 _t¿Te interesa el texto completo? Solicitalo al correo: koha@justierradelfuego.gov.ar
650 0 _91316
_aDERECHO LABORAL
650 0 _96084
_aMONOTRIBUTO
650 0 _96170
_aFRAUDE LABORAL
773 0 _02711
_93168
_dCiudad Autónoma de Buenos Aires : Thomson Reuters La Ley, 1999-2002.
_tRevista de derecho del trabajo. Nº1 - Enero 2023
942 _2udc
_cANA